Dirección de centros docentes: gestión por proyectos

Gardado en:
Detalles Bibliográficos
Main Authors: Alvarez, Manuel Francisco (Author), Santos, Montserrat (Author)
Formato: Libro
Idioma:Lingua castelá
Publicado: Madrid Escuela Española 1996
Series:Colección Educación al Día
Subjects:
Tags: Engadir etiqueta
Sen Etiquetas, Sexa o primeiro en etiquetar este rexistro!

MARC

LEADER 00000nam a2200000 a 4500
001 UCT8533
003 CL-VaPUC
008 970326e19960000SP |||||||||||||||||spa|d
082 0 4 |a 371.207  |b ALV  |2 21 
100 0 |a Alvarez, Manuel Francisco  |e author  |9 380280 
700 0 |a Santos, Montserrat  |e author  |9 380281 
245 1 0 |a Dirección de centros docentes: gestión por proyectos 
300 |a 276 p 
942 |c BK 
945 |d 19970326 00:00:00  |a rleighto 
260 |a Madrid  |b Escuela Española  |c 1996 
650 0 |a Gestión de proyectos  |9 260970 
650 0 |a Gestión educacional   |9 261035 
650 7 |a ELABORACION DE PROYECTOS  |2 CL-VaPUC  |9 263839 
650 0 |a Evaluación de proyectos   |9 259341 
583 |a last modification  |c 19970326 00:00:00  |k Rodrigo Vera 
490 0 |a Colección Educación al Día 
999 |c 257025  |d 257023 
952 |0 0  |1 0  |4 0  |6 371_207000000000000_ALV_1996  |7 0  |8 A  |9 280240  |a BIBEDU  |b BIBEDU  |d 2019-11-19  |i 3297764  |o 371.207 ALV 1996  |p 3297764  |r 2019-11-19  |w 2019-11-19  |y BK  |k EDU 
952 |0 0  |1 0  |4 0  |6 371_207000000000000_ALV_1996  |7 0  |8 A  |9 280241  |a BIBEDU  |b BIBEDU  |d 2019-11-19  |i 2717735  |o 371.207 ALV 1996  |p 2717735  |r 2019-11-19  |w 2019-11-19  |y BK  |k EDU 
952 |0 0  |1 0  |4 0  |6 371_207000000000000_ALV_1996  |7 0  |8 A  |9 280242  |a BIBEDU  |b BIBEDU  |d 2019-11-19  |i 2723425  |o 371.207 ALV 1996  |p 2723425  |r 2019-11-19  |w 2019-11-19  |y BK  |k EDU 
952 |0 0  |1 0  |4 0  |6 371_207000000000000_ALV_1996  |7 0  |8 A  |9 280243  |a BIBEDU  |b BIBEDU  |d 2019-11-19  |i 2759578  |o 371.207 ALV 1996  |p 2759578  |r 2019-11-19  |w 2019-11-19  |y BK  |k EDU 
952 |0 0  |1 0  |4 0  |6 371_207000000000000_ALV_1996  |7 0  |8 A  |9 280244  |a BIBGIM  |b BIBGIM  |d 2019-11-19  |i 2950278  |o 371.207 ALV 1996  |p 2950278  |r 2025-01-15  |w 2019-11-19  |y BK  |k GIM